000
00306nam a22001337a 4500
020
_a
817826333-5
082
_a
823
_b
ROH/U
100
_a
ROHAN BOOK COMPANY
245
_a
THE UGLY DUCKLING
260
_a
DELHI
_b
ROHAN BOOK COMPANY
_c
2003
300
_a
221
650
_a
MODERN ILLUSTRATED CLASSICS
942
_c
BK
999
_c
300
_d
300